| 000 | 00537nam a2200193Ia 4500 | ||
|---|---|---|---|
| 003 | OSt | ||
| 005 | 20250612160056.0 | ||
| 008 | 210210b1987 xxu||||| |||| 00| 0 eng d | ||
| 040 | _cAL | ||
| 041 | _aKannada | ||
| 082 | _aK894.3 NAVK | ||
| 100 |
_aNAVARATNARAM _dನವರತ್ನರಾಂ _9214693 |
||
| 245 |
_aKallarali huvaytu _b ಕಲ್ಲರಳಿ ಹೂವಾಯ್ತು |
||
| 260 |
_aBengaluru _bGitanjali Pablikeshans _c1987 |
||
| 300 | _a101 | ||
| 690 |
_aKannada Fiction _9214694 |
||
| 906 | _a041567 | ||
| 942 |
_2ddc _cBK |
||
| 999 |
_c91183 _d91183 |
||